Answers Contain "Fort" - Statistics

General Stats
  • This quiz has been taken 44 times
  • The average score is 10 of 20
Answer Stats
Hint Answer % Correct
Wealth, luck, or a large amount of money fortune
93%
Two-week period fortnight
88%
U.S. bullion depository in Kentucky Fort Knox
84%
To add vitamins or minerals to food fortify
81%
Courage in pain or adversity fortitude
81%
Happening by chance or luck fortuitous
74%
Texas city known for stockyards and aviation Fort Worth
63%
Major coastal city in South Florida Fort Lauderdale
56%
A person’s strong point or skill forte
53%
Second-most populous city in Indiana Fort Wayne
49%
South Carolina fort where the Civil War began Fort Sumter
44%
Battle royale game by Epic Games Fortnite
40%
Port city in northeastern Brazil Fortaleza
37%
Florida city near Cape Coral Fort Myers
37%
Large U.S. Army base in North Carolina Fort Bragg
35%
Colorado city at the base of the Rockies Fort Collins
33%
State of physical or emotional ease comfort
30%
Arkansas city on the state’s western edge Fort Smith
21%
Fort where Key wrote "The Star-Spangled Banner" Fort McHenry
16%
Historic fort from the French and Indian War Fort Ticonderoga
14%
No matching quizzes found
Score Distribution
Percent of People with Each Score
Percentile by Number Answered
Your Score History
You have not taken this quiz